000 00421nam a22001697a 4500
005 20180411124915.0
008 160523b xxu||||| |||| 00| 0 eng d
020 _a81-7188-348-6
041 _aeng
082 _b4148
_a338.954
100 _adebroy,Bibek
_94259
245 _aRedeeminy the Economic Pledge
260 _aNew Delhi
_bAcademic Faundation
_c2004
300 _a207
650 _aManagement
_9241
942 _cBK
999 _c1396
_d1396